[Event "Usti nad Labem rapid op"]
[Site "Usti nad Labem"]
[Date "2023.05.06"]
[Round "7"]
[White "Vrana, Frantisek"]
[Black "Janda, Zdenek"]
[Result "1/2-1/2"]
[WhiteElo "2101"]
[BlackElo "1949"]
[PlyCount "151"]
[EventDate "2023.05.06"]
[EventType "swiss (rapid)"]
[EventRounds "7"]
[EventCountry "CZE"]
[SourceTitle "CBM 214 Extra"]
[Source "ChessBase"]
[SourceDate "2023.07.31"]
[SourceVersion "1"]
[SourceVersionDate "2023.07.31"]
[SourceQuality "1"]

1. e4 d6 2. d4 g6 3. Nc3 Bg7 4. Bg5 c6 5. f4 b5 6. e5 d5 7. Bd3 Nh6 8. Qd2 Nf5 9. Nf3 Qb6 10. Ne2 h6 11. Bh4 Nxh4 12. Nxh4 c5 13. c3 Nc6 14. f5 g5 15. Nf3 g4 16. Nh4 cxd4 17. cxd4 Rb8 18. Qf4 h5 19. 0-0 Bh6 20. Qf2 Nxe5 21. Bxb5+ Qxb5 22. dxe5 Qxb2 23. e6 Ba6 24. exf7+ Kxf7 25. Rae1 Qd2 26. Nf4 Rb2 27. Nhg6 Re8 28. Ne5+ Kg8 29. Nxh5 Bxf1 30. Qxf1 Be3+ 31. Kh1 Qf2 32. f6 Rf8 33. Nxg4 Qxf1+ 34. Rxf1 d4 35. h4 Kh7 36. Kh2 exf6 37. Nhxf6+ Kh8 38. Rf5 Rb6 39. Rh5+ Kg7 40. Nd7 Bf4+ 41. g3 Rb2+ 42. Kh3 Rc8 43. Nc5 Bd6 44. Rg5+ Kf7 45. Ne4 Be7 46. Rd5 Rd8 47. Ra5 d3 48. Ne5+ Kg7 49. Nc4 Rc2 50. Ne3 Re2 51. Nf5+ Kf8 52. Nc3 d2 53. Nd1 Re1 54. Nfe3 Rd3 55. Rf5+ Ke8 56. Rf2 Rexe3 57. Nxe3 Rxe3 58. Rxd2 Kf7 59. Kg4 Ke6 60. h5 Bd6 61. Rg2 Kf6 62. Kh4 Kg7 63. g4 Be7+ 64. g5 Re4+ 65. Kh3 a5 66. Rg4 Re3+ 67. Kg2 Ra3 68. h6+ Kg6 69. Rh4 Kh7 70. Rg4 Rxa2+ 71. Kf3 Kg6 72. Rh4 Ra3+ 73. Ke2 Bxg5 74. h7 Bf6 75. h8Q Bxh8 76. Rxh8 1/2-1/2

[Event "CZE-chT2B 2223"]
[Site "Czech Republic"]
[Date "2023.02.19"]
[Round "9.4"]
[White "Janda, Zdenek"]
[Black "Lhotsky, Frantisek"]
[Result "1/2-1/2"]
[WhiteElo "2084"]
[BlackElo "1960"]
[PlyCount "85"]
[EventDate "2022.10.16"]
[EventType "team-tourn"]
[EventRounds "11"]
[EventCountry "CZE"]
[SourceTitle "EXT 2024"]
[Source "ChessBase"]
[SourceDate "2023.10.10"]
[SourceVersion "1"]
[SourceVersionDate "2023.10.10"]
[SourceQuality "1"]
[WhiteTeam "Decin"]
[BlackTeam "Kladno"]
[WhiteTeamCountry "CZE"]
[BlackTeamCountry "CZE"]

1. d4 d5 2. Nf3 Nf6 3. Bf4 c5 4. e3 Nc6 5. c3 Qb6 6. Qb3 c4 7. Qxb6 axb6 8. h3 Bf5 9. Be2 h6 10. 0-0 b5 11. Ne5 Nxe5 12. Bxe5 Nd7 13. Bc7 e6 14. f3 Be7 15. Nd2 Bg5 16. f4 Be7 17. g4 Bh7 18. f5 0-0 19. e4 b4 20. exd5 exd5 21. Bf3 Rfc8 22. Bf4 Ra5 23. Rfe1 Kf8 24. Re2 bxc3 25. bxc3 Bg5 26. Bd6+ Kg8 27. Bb4 Rb5 28. Rae1 g6 29. a4 Rxb4 30. cxb4 Nf6 31. Nb1 gxf5 32. Nc3 fxg4 33. hxg4 Bd3 34. Ra2 Kf8 35. a5 Ne4 36. Nxd5 Nd2 37. Bg2 c3 38. Nb6 Rc7 39. Nd5 Rc4 40. Ra3 Nb1 41. Rxb1 Bxb1 42. Nxc3 Rxb4 43. Nxb1 1/2-1/2

[Event "CZE-chT2B 2223"]
[Site "Czech Republic"]
[Date "2023.01.08"]
[Round "6.5"]
[White "Janda, Zdenek"]
[Black "Janda, Jiri"]
[Result "1/2-1/2"]
[WhiteElo "2092"]
[BlackElo "2127"]
[PlyCount "77"]
[EventDate "2022.10.16"]
[EventType "team-tourn"]
[EventRounds "11"]
[EventCountry "CZE"]
[SourceTitle "EXT 2024"]
[Source "ChessBase"]
[SourceDate "2023.10.10"]
[SourceVersion "1"]
[SourceVersionDate "2023.10.10"]
[SourceQuality "1"]
[WhiteTeam "Decin"]
[BlackTeam "Kobylisy"]
[WhiteTeamCountry "CZE"]
[BlackTeamCountry "CZE"]

1. d4 Nf6 2. Nf3 c5 3. d5 d6 4. g3 e5 5. dxe6 fxe6 6. c4 Be7 7. Bg2 0-0 8. 0-0 d5 9. cxd5 exd5 10. Nc3 Kh8 11. Bf4 d4 12. Nb5 Nd5 13. Bxb8 Rxb8 14. Nxa7 Be6 15. Nb5 Qa5 16. a4 Nb4 17. Qd2 Rbd8 18. Ne5 Qb6 19. Na3 Qa6 20. Nb5 Qb6 21. Rfc1 Bf6 22. Nc4 Bxc4 23. Rxc4 d3 24. Rac1 dxe2 25. Qxe2 Nd3 26. Rf1 Nxb2 27. Re4 Qa5 28. Qc2 b6 29. Rf4 Nd3 30. Rf5 Nb4 31. Qb3 g6 32. Rf3 Nc6 33. Qe6 Nd4 34. Nxd4 Bxd4 35. Qe7 Rfe8 36. Qb7 Rf8 37. Qe7 Rfe8 38. Qb7 Rf8 39. Qe7 1/2-1/2

[Event "WchT Seniors 65"]
[Site "Prague"]
[Date "2020.03.09"]
[Round "4.15"]
[White "Bowmer, Kevin"]
[Black "Janda, Zdenek"]
[Result "0-1"]
[WhiteElo "2116"]
[BlackElo "2065"]
[PlyCount "108"]
[EventDate "2020.03.06"]
[EventType "team-swiss"]
[EventRounds "7"]
[EventCountry "CZE"]
[SourceTitle "CBM 195 Extra"]
[Source "ChessBase"]
[SourceDate "2020.05.31"]
[SourceVersion "1"]
[SourceVersionDate "2020.05.31"]
[SourceQuality "1"]
[WhiteTeam "England 65"]
[BlackTeam "Czech Republic 65 III"]
[WhiteTeamCountry "ENG"]
[BlackTeamCountry "CZE"]

1. e4 g6 2. d4 Bg7 3. Nc3 d6 4. f4 c6 5. Nf3 b5 6. Bd3 a6 7. 0-0 Nd7 8. e5 Nb6 9. Ne4 Nh6 10. h3 f5 11. Neg5 0-0 12. Re1 Nd5 13. Bd2 Nc7 14. a4 Bd7 15. axb5 axb5 16. Rxa8 Qxa8 17. exd6 exd6 18. Bb4 c5 19. dxc5 Nd5 20. Bc3 Bxc3 21. bxc3 Qa7 22. Kh2 Qxc5 23. Qd2 Nf7 24. Ne6 Bxe6 25. Rxe6 Nxc3 26. Re7 d5 27. Re1 Ne4 28. Qe3 Qxe3 29. Rxe3 Nfd6 30. Nd4 Rc8 31. Re1 Nc5 32. Bxb5 Nxb5 33. Nxb5 Ne4 34. Nd4 Rc4 35. Rd1 Kf7 36. Kg1 Nc3 37. Rd3 Rxd4 38. Rxc3 Rxf4 39. Rc7+ Kf6 40. Rxh7 Rc4 41. Rd7 Ke5 42. Kf2 Rxc2+ 43. Kf3 Rc3+ 44. Kf2 g5 45. Rg7 Kf4 46. Ra7 Rc2+ 47. Kf1 d4 48. Rd7 Kg3 49. Rxd4 Rf2+ 50. Ke1 Kxg2 51. h4 g4 52. h5 Rf1+ 53. Ke2 Rh1 54. Ke3 Kg3 0-1

[Event "WchT Seniors 65"]
[Site "Prague"]
[Date "2020.03.07"]
[Round "2.20"]
[White "Janda, Zdenek"]
[Black "Lehtosaari, Kalevi"]
[Result "1-0"]
[WhiteElo "2065"]
[BlackElo "1998"]
[PlyCount "77"]
[EventDate "2020.03.06"]
[EventType "team-swiss"]
[EventRounds "7"]
[EventCountry "CZE"]
[SourceTitle "CBM 195 Extra"]
[Source "ChessBase"]
[SourceDate "2020.05.31"]
[SourceVersion "1"]
[SourceVersionDate "2020.05.31"]
[SourceQuality "1"]
[WhiteTeam "Czech Republic 65 III"]
[BlackTeam "Finland 65"]
[WhiteTeamCountry "CZE"]
[BlackTeamCountry "FIN"]

1. d4 d5 2. c4 c6 3. Nc3 Nf6 4. Nf3 g6 5. Bf4 Bg7 6. e3 0-0 7. h3 Ne4 8. Bd3 f5 9. 0-0 e6 10. Ne5 Nd7 11. Nxd7 Bxd7 12. f3 Nf6 13. Be5 Qe7 14. c5 Ne8 15. f4 Bxe5 16. fxe5 Ng7 17. b4 b6 18. Rb1 Nh5 19. Qf3 a5 20. Na4 axb4 21. Nxb6 Rxa2 22. Rxb4 Ra3 23. Qd1 Be8 24. Nc8 Qg5 25. Rf3 f4 26. Nd6 Ra2 27. Bf1 Qd8 28. exf4 Nxf4 29. Qb1 Ra8 30. Rbb3 g5 31. Bd3 Bg6 32. Bxg6 Nxg6 33. Qf1 Rxf3 34. Rxf3 Ra2 35. Nf7 Qe7 36. Nh6+ Kg7 37. Rf7+ Qxf7 38. Nxf7 Nf4 39. Nxg5 1-0

[Event "Teplice op 14th"]
[Site "Teplice"]
[Date "2019.06.15"]
[Round "1"]
[White "Janda, Zdenek"]
[Black "Babula, Vlastimil1111"]
[Result "0-1"]
[WhiteElo "2082"]
[BlackElo "1930"]
[PlyCount "104"]
[EventDate "2019.06.15"]
[EventType "swiss"]
[EventRounds "9"]
[EventCountry "CZE"]
[SourceTitle "CBM 191 Extra"]
[Source "ChessBase"]
[SourceDate "2019.09.30"]
[SourceVersion "1"]
[SourceVersionDate "2019.09.30"]
[SourceQuality "1"]

1. d4 Nf6 2. Nf3 g6 3. Bf4 Bg7 4. e3 d6 5. Bc4 0-0 6. c3 Nbd7 7. h3 b6 8. 0-0 Bb7 9. Nbd2 Qe8 10. Bh2 e5 11. dxe5 dxe5 12. Qe2 a6 13. Rfd1 e4 14. Ne1 Ne5 15. a4 Nfd7 16. Nb3 c6 17. Nd2 c5 18. Bb3 Qe7 19. Nc4 Nxc4 20. Bxc4 Be5 21. Bxe5 Nxe5 22. Bd5 Rfd8 23. Bxb7 Qxb7 24. Rxd8+ Rxd8 25. Rd1 Rd5 26. f4 Nc4 27. Rxd5 Qxd5 28. Kf2 f5 29. g4 Qd2 30. b3 Qxe2+ 31. Kxe2 Na5 32. b4 Nc4 33. gxf5 gxf5 34. Ng2 Kf7 35. Kd1 cxb4 36. Kc2 bxc3 37. Kxc3 Na5 38. Ne1 Ke6 39. Nc2 Nc6 40. Kc4 Kd6 41. Na3 Na5+ 42. Kd4 h6 43. Nc2 b5 44. axb5 axb5 45. Kc3 Nc6 46. Na1 Ke6 47. Kb3 Kd5 48. Kc3 b4+ 49. Kb3 Kc5 50. Nc2 Kb5 51. Ne1 Na5+ 52. Kc2 Ka4 0-1

[Event "CZE-chT2B 1819"]
[Site "Czech Republic"]
[Date "2018.10.14"]
[Round "1.6"]
[White "Janda, Zdenek"]
[Black "Reitinger, Petr"]
[Result "1-0"]
[WhiteElo "2095"]
[BlackElo "1970"]
[PlyCount "63"]
[EventDate "2018.10.14"]
[EventType "team-tourn"]
[EventRounds "11"]
[EventCountry "CZE"]
[SourceTitle "EXT 2022"]
[Source "ChessBase"]
[SourceDate "2021.10.06"]
[SourceVersion "1"]
[SourceVersionDate "2021.10.06"]
[SourceQuality "1"]
[WhiteTeam "Decin"]
[BlackTeam "Louny Union"]
[WhiteTeamCountry "CZE"]
[BlackTeamCountry "CZE"]

1. d4 d5 2. Nf3 Nf6 3. Bf4 e6 4. e3 c5 5. c3 Qb6 6. Qc2 Nc6 7. Nbd2 cxd4 8. exd4 Bd7 9. Rc1 Rc8 10. Qb1 Na5 11. Ne5 Bb5 12. Bxb5+ Qxb5 13. Nd3 Be7 14. 0-0 0-0 15. Ne5 Nc4 16. Nexc4 dxc4 17. Rce1 Qd5 18. Re3 g6 19. Rfe1 b5 20. Rf3 Nh5 21. Bh6 Ng7 22. Qc1 f6 23. Rh3 g5 24. Qc2 f5 25. Rg3 f4 26. Rg4 Rf5 27. h4 Qd8 28. Nf3 Rc6 29. Bxg7 Kxg7 30. Rxe6 Rxe6 31. Qxf5 Qd7 32. Ne5 1-0

[Event "CZE-chT2B 1718"]
[Site "Czech Republic"]
[Date "2018.01.14"]
[Round "6.8"]
[White "Krutina, Miroslav"]
[Black "Janda, Zdenek"]
[Result "0-1"]
[WhiteElo "1927"]
[BlackElo "2131"]
[PlyCount "96"]
[EventDate "2017.10.15"]
[EventType "team-tourn"]
[EventRounds "11"]
[EventCountry "CZE"]
[SourceTitle "EXT 2022"]
[Source "ChessBase"]
[SourceDate "2021.10.06"]
[SourceVersion "1"]
[SourceVersionDate "2021.10.06"]
[SourceQuality "1"]
[WhiteTeam "Zizkov"]
[BlackTeam "Decin"]
[WhiteTeamCountry "CZE"]
[BlackTeamCountry "CZE"]

1. Nf3 d6 2. g3 g6 3. Bg2 Bg7 4. c4 e5 5. d3 Ne7 6. Nc3 Nbc6 7. Rb1 f5 8. 0-0 0-0 9. Bd2 h6 10. b4 Be6 11. Ne1 Qd7 12. b5 Nd8 13. f4 e4 14. dxe4 Bxc4 15. Qa4 Be6 16. Qc2 fxe4 17. Nxe4 Bf5 18. Qb3+ Kh7 19. Nc3 Bxb1 20. Qxb1 c6 21. bxc6 bxc6 22. Be4 d5 23. Bc2 Ne6 24. Nf3 Nd4 25. Bd3 Rab8 26. Qc1 Nef5 27. Ne1 Nd6 28. e3 N4f5 29. Qc2 Nc4 30. Bxc4 dxc4 31. Nd1 Rbd8 32. Rf2 Rfe8 33. Qxc4 Nd6 34. Qc1 Ne4 35. Nf3 Nxf2 36. Nxf2 Qd5 37. e4 Rxe4 38. Nxe4 Qxe4 39. Kf2 Rd3 40. Be3 Qd5 41. Ne1 Rc3 42. Qd2 Qxd2+ 43. Bxd2 Ra3 44. Be3 Rxa2+ 45. Kf3 a5 46. h4 a4 47. Nd3 Ra3 48. Ke4 Rxd3 0-1

[Event "CZE-chT2B 1516"]
[Site "Czech Republic"]
[Date "2016.01.10"]
[Round "5.8"]
[White "Bayer, Radek"]
[Black "Janda, Zdenek"]
[Result "0-1"]
[WhiteElo "2048"]
[BlackElo "2155"]
[PlyCount "86"]
[EventDate "2015.10.18"]
[EventType "team-tourn"]
[EventRounds "11"]
[EventCountry "CZE"]
[SourceTitle "EXT 2022"]
[Source "ChessBase"]
[SourceDate "2021.10.06"]
[SourceVersion "1"]
[SourceVersionDate "2021.10.06"]
[SourceQuality "1"]
[WhiteTeam "Teplice"]
[BlackTeam "Decin"]
[WhiteTeamCountry "CZE"]
[BlackTeamCountry "CZE"]

1. e4 d6 2. d4 Nf6 3. Nc3 g6 4. f3 c6 5. Be3 Nbd7 6. Qd2 b5 7. d5 cxd5 8. Nxd5 a6 9. a4 bxa4 10. Nxf6+ Nxf6 11. Rxa4 Bg7 12. Bc4 0-0 13. Ne2 e6 14. 0-0 Bb7 15. Rd1 d5 16. exd5 Nxd5 17. Bxd5 Bxd5 18. Nc3 Re8 19. Nxd5 exd5 20. Bd4 Bxd4+ 21. Rxd4 Qb6 22. c3 Re5 23. Qf2 Rae8 24. h3 Re2 25. Qg3 Qxb2 26. Rxd5 Qxc3 27. Kh2 Kg7 28. Qf4 Ra2 29. Rd7 Qf6 30. Qxf6+ Kxf6 31. R1d2 Rxd2 32. Rxd2 Ra8 33. Ra2 a5 34. Ra4 Ke6 35. Kg3 Kd5 36. Kf4 f6 37. g4 Kc5 38. h4 Kb5 39. Ra1 a4 40. Ke4 Kc4 41. f4 Ra5 42. Rc1+ Kb3 43. Kd4 a3 0-1

[Event "CZE-chT2B 1415"]
[Site "Czech Republic"]
[Date "2015.03.15"]
[Round "9.3"]
[White "Hrbolka, Ladislav"]
[Black "Janda, Zdenek"]
[Result "1/2-1/2"]
[WhiteElo "2066"]
[BlackElo "2178"]
[PlyCount "24"]
[EventDate "2014.11.02"]
[EventType "team-tourn"]
[EventRounds "11"]
[EventCountry "CZE"]
[SourceTitle "EXT 2022"]
[Source "ChessBase"]
[SourceDate "2021.10.06"]
[SourceVersion "1"]
[SourceVersionDate "2021.10.06"]
[SourceQuality "1"]
[WhiteTeam "Most Chess"]
[BlackTeam "Decin"]
[WhiteTeamCountry "CZE"]
[BlackTeamCountry "CZE"]

1. d4 Nf6 2. Nf3 g6 3. g3 Bg7 4. Bg2 0-0 5. c4 c6 6. Nc3 d5 7. 0-0 Na6 8. b3 Bf5 9. Bb2 Ne4 10. Nh4 Nxc3 11. Bxc3 Qd7 12. Nxf5 Qxf5 1/2-1/2